| Registos Bibliográficos associados ao registo de autoridade |
|
Etiqueta de registo: 00254nam 2200025 450 001 2286701 003 http://id.bnportugal.gov.pt/bib/catbnp/2286701 100 ## $a20260522d2019 k y0pory01030103ba 101 0# $apor 102 ## $aPT 105 ## $aa m 000yy 106 ## $ar 200 1# $a O amor como resistência à servidão em Benedictus de Spinoza$fErika Belém Lima$gorient. Kléber Carneiro Amora, Maria Luisa Ribeiro Ferreira 210 #9 $aLisboa$c[s.n.],$d2019 215 ## $a130 f.$d30 cm 328 #1 $aTese dout. Filosofia (Filosofia Moderna), Faculdade de Letras da Universidade de Lisboa,
Instituto de Cultura e Arte da Universidade Federal do Ceará, 2019 675 ## $a1Espinosa, Bento de(043)$vBN$zpor$31397008 700 #1 $aLima,$bErika Belém$31999040 702 #1 $aFerreira,$bMaria Luísa Ribeiro,$f1944-$4727$378896 702 #1 $aAmora,$bKléber Carneiro$4727$31999041 801 #0 $aPT$bBN$gRPC 966 ## $lBN$mFGMON$sS.A. 194019 V.$x1 971 ## $cisantos$d20260522 975 ## $e0$d20260625$viquintas
|
|
|